Las mil y una-- : (Record no. 113739)

MARC details
000 -CABECERA
campo de control de longitud fija 00604nam a2200217 a 4500
005 - FECHA Y HORA DE LA ÚLTIMA TRANSACCIÓN
campo de control 20260312064039.0
008 - ELEMENTOS DE LONGITUD FIJA--INFORMACIÓN GENERAL
campo de control de longitud fija 060118s2000 mx r 000 0 spa d
020 ## - NÚMERO INTERNACIONAL NORMALIZADO PARA LIBROS
Número Internacional Estándar del Libro 9681104056
035 ## - NÚMERO DE CONTROL DEL SISTEMA
Número de control de sistema UPN01000141592
049 ## - COLECCIÓN
Colección CG
050 #4 - SIGNATURA TOPOGRÁFICA DE LA BIBLIOTECA DEL CONGRESO
Número de clasificación PQ7297 P4.2
Número de documento/Ítem M5.4
100 1# - ASIENTO PRINCIPAL--NOMBRE PERSONAL
Nombre de persona Poniatowska, Elena,
Fechas asociadas al nombre 1933-
245 14 - MENCIÓN DE TÍTULO
Título Las mil y una-- :
Resto del título la herida de Paulina /
Mención de responsabilidad, etc. Elena Poniatowska.
260 ## - PUBLICACIÓN, DISTRIBUCIÓN, ETC.
Lugar de publicación, distribución, etc. México :
Nombre del editor, distribuidor, etc. Plaza & Janés,
Fecha de publicación, distribución, etc. 2000.
300 ## - DESCRIPCIÓN FÍSICA
Extensión 160 p. :
Otras características físicas il.
440 #0 - MENCIÓN DE SERIE/ASIENTO SECUNDARIO--TÍTULO
Título Crónica
650 #4 - ASIENTO SECUNDARIO DE MATERIA - TERMINO TEMATICO
Término de materia o nombre geográfico como elemento de entrada Literatura mexicana
9 (RLIN) 4466
650 #4 - ASIENTO SECUNDARIO DE MATERIA - TERMINO TEMATICO
Término de materia o nombre geográfico como elemento de entrada Aborto
9 (RLIN) 246
650 #7 - ASIENTO SECUNDARIO DE MATERIA - TERMINO TEMATICO
Término de materia o nombre geográfico como elemento de entrada Violación
Fuente del encabezamiento o término
9 (RLIN) 2291
905 ## - TIPO DE MATERIAL
Tipo de material Libro
Holdings
Estado de retiro Estado de pérdida Fuente del sistema de clasificación o colocación Estado dañado No para préstamo Código de colección Localización permanente Ubicación/localización actual Ubicación en estantería Total de préstamos Clasificación Código de barras Fecha visto por última vez Número de copia Tipo de ítem Koha
    Library of Congress Classification     Colección General Bib. Gregorio Torres Quintero Bib. Gregorio Torres Quintero Planta baja 15 PQ7297 P4.2 M5.4 233504 31/12/2020 1 Libro